|
|
|
|
| LEADER |
00943nam a2200253 a 4500 |
| 001 |
10155 |
| 003 |
BD-DhAAL |
| 005 |
20250514121758.0 |
| 008 |
100322r2001 ii a 001 0 eng d |
| 040 |
|
|
|a MH-L
|c MH-L
|d BD-DhAAL
|
| 082 |
0 |
0 |
|a 340
|2 21
|
| 100 |
1 |
|
|a Atchuthen Pillai, P. S.
|9 40033
|
| 245 |
1 |
0 |
|a Jurisprudence and legal theory /
|c P.S Atchuthen Pillai.
|
| 250 |
|
|
|a New revised third edition.
|
| 260 |
|
|
|a Lucknow :
|b Eastern Book Co.,
|c c2001 [Reprinted].
|
| 300 |
|
|
|a xvi, 341 pages :
|b illustrations ;
|c 21 cm
|
| 504 |
|
|
|a Includes index.
|
| 541 |
1 |
|
|e 00010155
|
| 650 |
|
0 |
|a Jurisprudence.
|9 40034
|
| 650 |
|
0 |
|a Law
|x Philosophy.
|9 40035
|
| 852 |
4 |
|
|a Ayesha Abed Library
|j General Stacks
|
| 942 |
|
|
|2 ddc
|c BK
|
| 999 |
|
|
|c 7827
|d 7827
|
| 952 |
|
|
|0 0
|1 4
|2 ddc
|4 0
|6 340_000000000000000_ATC
|7 0
|9 8730
|a BRACUL
|b BRACUL
|c GEN
|d 2010-03-22
|e Paragon Enterprise Ltd.
|l 5
|m 29
|o 340 ATC
|p 3010010155
|r 2017-05-09
|s 2016-10-15
|t 1
|w 2010-03-22
|y BK
|x Koha Inventory 2020
|